| 000 | 00968nam a22003257a 4500 | ||
|---|---|---|---|
| 003 | CHAP | ||
| 005 | 20220329141820.0 | ||
| 008 | 971013s1968 mx a r 00010 spa d | ||
| 010 | _a74299 | ||
| 011 | _a75271 | ||
| 035 | _a84831 | ||
| 040 | _cCHAP | ||
| 082 | 0 | 4 |
_a575.1 _bH37Y |
| 100 | 0 | 0 |
_aHartman, Philip E. _952954 |
| 245 | 1 | _aAcción de los gases | |
| 260 |
_aMéxcico D. F. : _bUTEHA, _c1968 |
||
| 300 |
_a257 p. : _bilus. |
||
| 490 | 0 |
_aManuales UTEHA _v; 304 |
|
| 590 |
_aBATCH-UPD _b10 _c20130110 _lUCH01 _h0652 |
||
| 590 |
_aBATCH-UPD _b10 _c20130110 _lUCH01 _h2339 |
||
| 590 |
_aBATCH-UPD _b10 _c20130410 _lUCH01 _h0336 |
||
| 590 |
_aBATCH-UPD _b10 _c20130914 _lUCH01 _h1536 |
||
| 590 |
_aCONVERSION _b10 _c20130109 _lUCH01 _h1341 |
||
| 650 | 1 | 4 |
_aGenética. _947469 |
| 700 | 0 |
_aSuskind, Sigmund R. _9110782 |
|
| 830 | 0 |
_aManuales UTEHA _v; 304 _970712 |
|
| 901 | _aBK | ||
| 942 | _cLIBRO | ||
| 949 |
_a575.1 H37Y _bBC _cLIBRO _d-40378 _eLIBRO _h11507 _i84831 _mD _si |
||
| 999 |
_c74299 _d74299 |
||